|
|
|
|
| LEADER |
00000nab a2200000 a 4500 |
| 001 |
vtls000316996 |
| 003 |
SK-MaSNL |
| 005 |
20260303225407.0 |
| 008 |
230223c1978 xo 0 cze |
| 015 |
|
|
|a SNBRB19rr/mm-uuuuu
|
| 035 |
|
|
|a CL0007088
|
| 035 |
|
|
|a (urnnbn)urn:nbn:sk:snk:ar-006icd
|
| 035 |
|
|
|a (uuid)4c5a5139-4d99-412c-b003-6d31de08e22e
|
| 035 |
|
|
|a urn:nbn:sk:snk-ab860m
|
| 040 |
|
|
|a SNKBUCL
|b slo
|c SNKBUCL
|e AACR2
|
| 041 |
0 |
|
|a cze
|
| 044 |
|
|
|a xo
|c SK
|
| 080 |
|
|
|a 539
|2 1981
|
| 080 |
|
|
|a 624
|2 1981
|
| 080 |
|
|
|a 678
|2 1981
|
| 080 |
|
|
|a 677
|2 1981
|
| 100 |
1 |
|
|a Berka, Ladislav,
|d 1932-
|4 aut
|9 101452
|
| 245 |
1 |
0 |
|a Přetvárné vlastnosti textilních membrán za dvojosé napjatosti
|c Ladislav Berka, Jiří Minster
|
| 300 |
|
|
|b Obr. 4. Tb. 2. Res. rus., angl.
|
| 650 |
0 |
7 |
|a konštrukcie
|2 snkbucl
|9 301193
|
| 650 |
0 |
7 |
|a textil technický
|2 snkbucl
|9 1262195
|
| 650 |
0 |
7 |
|a vlákna syntetické
|2 snkbucl
|9 876953
|
| 650 |
0 |
7 |
|a napätie materiálu
|2 snkbucl
|9 82412
|
| 655 |
|
7 |
|a články z novín a časopisov
|2 snkbucl
|9 267496
|
| 700 |
1 |
|
|a Minster, Jiří
|4 aut
|9 793277
|
| 773 |
0 |
|
|t Stavebnícky časopis
|g Roč. 26, č. 3 (1978), s. 204-218
|
| 850 |
|
|
|a Slovenská národná knižnica v Martine
|a MTA001
|
| 852 |
|
|
|a SNK
|b KIS3GCP
|
| 958 |
|
|
|a OND
|
| 958 |
|
|
|a RK
|
| 958 |
|
|
|a EUIPO
|
| 958 |
|
|
|a article9
|
| 992 |
|
|
|a RBX
|
| 999 |
|
|
|c 2256830
|d 2258760
|